| 000 | 00478nam a22001697a 4500 | ||
|---|---|---|---|
| 003 | URS | ||
| 005 | 20220114171529.0 | ||
| 008 | 170323b xxu||||| |||| 00| 0 eng d | ||
| 020 | _a0844258997 | ||
| 050 |
_aLB1047.3 _bB38 1997 |
||
| 100 |
_aBaugh, L Sue _4author |
||
| 245 |
_aHow to write term papers and reports _cL. Sue Baugh |
||
| 250 | _aSecond Edition | ||
| 260 |
_aLincolnwood, Illinois _bVGM Career Horizons _c1997 |
||
| 300 |
_axi, 233 pages; _c28 cm. |
||
| 942 |
_cFR _2lcc |
||
| 999 |
_c14059 _d14059 |
||